[Event "22nd Hogeschool Zeeland 2018"]
[Site "Vlissingen"]
[Date "2018.08.08"]
[Round "6"]
[White "Haast, Mark"]
[Black "Ikonnikov, Vyacheslav"]
[Result "0-1"]
[WhiteElo "2350"]
[BlackElo "2546"]
[Annotator "TA"]
[PlyCount "122"]
[EventDate "2018.08.04"]
[EventType "swiss"]
[EventCountry "NED"]
[SourceTitle "playchess.com"]
[Source "ChessBase"]
[SourceQuality "1"]

{[%evp 14,122,41,16,54,48,73,77,79,47,54,59,83,57,75,59,97,74,106,93,113,118,125,114,109,63,115,77,98,100,151,140,163,119,130,130,128,81,93,91,77,82,76,55,55,55,115,102,82,55,57,55,55,31,59,59,64,22,52,39,54,49,122,128,354,354,427,57,57,-38,-38,-38,-38,-38,-29,-136,-105,-693,-625,-906,-886,-1006,-823,-1333,-1274,-2222,-1969,-2356,-2086,-6364,-2402,-7483,-6920,-5469,-4483,-3717,-2405,-1790,-1498,-1491,-1491,-1426,-1334,-1449,-1353,-1220,-1130,-12829,-6303,-1982,-1034]} 1. Nf3 Nf6 2. c4 g6 3. g3 Bg7 4. Bg2 O-O 5. O-O d6 6. d4 Nc6 7. Nc3 a6 8. d5 {LiveBook: 1162 Games} Nb8 {E63: King's Indian: Fianchetto: Panno Variation with 7...a6} (8... Na5 9. Nd2 c5 10. dxc6 Nxc6 11. Nde4 Nxe4 12. Bxe4 Ne5 13. Qb3 Be6 14. Bd5 Bh3 15. Rd1 Rb8 16. Bg5 h6 17. Be3 Nc6 {1-0 (90) Hammer,J (2631)-Hansen,E (2629) chess.com INT 2018}) 9. e4 Bg4 10. h3 $146 ({Predecessor:} 10. Qc2 Nbd7 11. Ne1 Nb6 12. b3 e5 13. Nd3 Ne8 14. c5 Nc8 15. cxd6 cxd6 {0-1 (46) Chamberlain,E (945)-Vontina,M (772) LSS email 2013}) 10... Bxf3 {White is better.} 11. Bxf3 Nfd7 12. Be3 c6 13. Be2 cxd5 14. exd5 a5 15. Qd2 Na6 16. Rab1 Nac5 17. b3 Rc8 18. Rfc1 f5 19. f4 h6 (19... Bxc3 $14 20. Qxc3 Ne4) 20. Kh2 Kh7 21. Bf3 Rf7 (21... Bxc3 $142 22. Rxc3 (22. Qxc3 Nf6 $16) 22... Nf6) 22. Nb5 $16 Nf6 23. Bxc5 dxc5 24. Re1 Ne8 25. Re6 Nc7 26. Nxc7 Qxc7 27. Qe2 {Black must now prevent Rxg6!} Bf6 28. a3 Kg7 29. Kg2 Rff8 ({Black should try} 29... h5 $14) 30. Re1 Rcd8 31. Qd2 Rd6 32. R6e3 h5 33. R1e2 Rf7 34. Qe1 $36 {[%mdl 2048] Black is under pressure.} Ra6 35. a4 Rd6 36. g4 {Hoping for gxf5.} fxg4 37. hxg4 hxg4 (37... Rd8 $14) 38. Bxg4 Rd8 $2 (38... Ra6 $16) 39. Be6 $18 Rff8 {[#]} 40. Qg3 $1 {Threatens to win with Bf5.} Rh8 $1 41. Qxg6+ (41. Bf5 $14 Rh4 42. Rf3 (42. Bxg6 Rdh8 $14) (42. Qxg6+ Kh8 $14)) 41... Kxg6 $15 42. Rg3+ {[#]} Bg5 $1 43. Rxg5+ (43. fxg5 Qf4) 43... Kf6 $1 44. Rf5+ (44. Ree5 $11 {keeps the balance.} Qxe5 45. Rxe5) 44... Kg7 $17 45. Rg5+ $2 {[%mdl 8192]} (45. Rf7+ $17 Kg6 46. Re3) 45... Kf8 $19 {Black is clearly winning.} 46. Kf3 {Threatening mate with Rh2!} Ke8 47. Reg2 Rf8 48. f5 Rd6 49. Rg8 {[#]} Rxe6 $1 50. Rxf8+ (50. dxe6 Qe5) 50... Kxf8 51. fxe6 {[%mdl 4096] Endgame KQ-KR} Qb6 52. Rb2 Qb4 53. Ke4 Qc3 54. Rf2+ Ke8 55. Rf3 Qc2+ 56. Ke5 Qe2+ 57. Kf4 Kd8 58. Re3 Qd2 59. Ke4 Kc7 60. Kf3 Kd6 61. Ke4 {[#]} b5 $1 {Precision: White = 45%, Black = 49%.} 0-1

[Event "22nd Hogeschool Zeeland 2018"]
[Site "Vlissingen"]
[Date "2018.08.08"]
[Round "6"]
[White "Maatman, Nick"]
[Black "Boelhouwer, Collin"]
[Result "1-0"]
[WhiteElo "2345"]
[BlackElo "2128"]
[Annotator "TA"]
[PlyCount "101"]
[EventDate "2018.08.04"]
[EventType "swiss"]
[EventCountry "NED"]
[SourceTitle "playchess.com"]
[Source "ChessBase"]
[SourceQuality "1"]

{[%evp 10,101,52,28,97,88,78,81,83,89,108,41,47,17,22,16,66,74,84,79,119,105,260,102,118,66,64,49,154,154,230,183,183,183,204,195,487,506,593,595,604,597,597,602,602,533,527,544,450,97,95,76,168,161,162,153,193,197,323,210,282,229,527,509,459,358,358,340,347,243,225,228,354,360,252,298,813,811,1325,1179,1692,1548,1449,1418,1500,1254,1168,209,1130,1000,1341,1264,29978,29979]} 1. d4 Nf6 2. c4 g6 3. Nc3 Bg7 4. e4 d6 5. h3 Na6 6. Be3 {LiveBook: 3 Games. E71: King's Indian: 4 e4 d6 5 h3} e5 (6... O-O $11 {remains equal.}) (6... O-O 7. g4 c5 8. Nge2 b6 9. e5 Ne8 10. Bg2 Rb8 11. O-O Bb7 12. Bxb7 Rxb7 13. Qa4 Nec7 14. exd6 exd6 {½-½ (60) Caruana,F (2811)-Adhiban,B (2655) Wijk aan Zee 2018}) 7. dxe5 $1 $16 dxe5 8. Qxd8+ {White is better.} Kxd8 9. O-O-O+ $146 ({Predecessor:} 9. Nf3 Nd7 10. Be2 c6 11. O-O Nb4 12. Rac1 a5 13. Rfd1 {1-0 (24) Ringoir,T (2448)-Ihsan,J (2143) Istanbul 2012}) 9... Ke7 10. b4 ({Better is} 10. Nf3 $16) 10... Rd8 11. Nd5+ Nxd5 12. cxd5 Nb8 13. Ne2 c6 14. Nc3 Ke8 15. Bc4 Bf8 $2 (15... b6 $16 16. Kb2 Bb7) 16. b5 $2 (16. dxc6 $1 $18 Nxc6 17. Nd5 Rxd5 18. Bxd5 (18. exd5 Nxb4 19. a3 Na6 $16)) 16... Bb4 17. Rd3 (17. Kb2 $16) 17... a6 $14 18. b6 $36 {[%mdl 2048] White fights for an advantage.} a5 (18... Rd6 $14) 19. Rhd1 $16 Na6 (19... Be7 $16 {might work better.} 20. Kb2 a4) 20. Na4 cxd5 21. Bxd5 {Threatens to win with Bc6+!} (21. Rxd5 $6 Rxd5 22. Bxd5 (22. Rxd5 Be6 $11) 22... Be7 $16) 21... Ke7 22. a3 Bd6 $2 (22... Rxd5 23. Rxd5 Bxa3+ 24. Kb1 Kf6 25. Rxa5 Bb4) 23. Bc4 $18 Be6 24. Bg5+ f6 {[#]} 25. Bxf6+ $1 {[%mdl 512]} Kxf6 26. Rxd6 Re8 {Black wants to play ...Rac8.} 27. Bxa6 Rec8+ 28. Kb2 Rxa6 {[#]} 29. Rd8 $2 (29. Rc1 $1 $18 {[%cal Rc1c8]} Rxc1 30. Kxc1) 29... Rc4 $16 {[#]} 30. R1d6 $1 (30. Rf8+ $6 Ke7 $11) 30... Rxa4 (30... Ke7 $16 31. Nc3 Rd4 32. Rxd4 exd4 33. Rxd4 Rxb6+ 34. Kc2 Bb3+ 35. Kd3 Be6) 31. Re8 $18 Rxe4 32. Rdxe6+ {[%mdl 4096] Endgame KRR-KRR} (32. Rexe6+ $6 Kf7 $14) 32... Kf5 33. g4+ Kf4 (33... Kg5 $142 34. Rb8 (34. Rxe5+ Rxe5 35. Rxe5+ Kh4 $11) 34... a4 35. Rxb7 Ra5) 34. Rf8+ Kg5 35. Rf7 Ra8 $2 {[#]} (35... a4 36. f4+ (36. Rxh7 Ra5 $18) 36... Kh4 37. Rxh7+ Kg3 38. Rxb7 Ra5 39. Rxe5 Rexe5 40. fxe5 Rxe5) 36. f4+ $1 {[%mdl 512]} Kh4 (36... Rxf4 37. Rxe5+) 37. Rxh7+ Kg3 38. Rxe5 Rxf4 39. Re3+ Kf2 40. Rc3 Rb8 (40... a4 {was called for.} 41. Rxb7 Ra5) 41. Rcc7 Re8 42. Rc2+ ({Stronger than} 42. Rxb7 Re2+ 43. Kb1 Re1+ 44. Kb2 Re2+ 45. Kc1 Re1+ 46. Kc2 Re2+ 47. Kd1 Re1+ 48. Kc2 Re2+ 49. Kb1 Re1+ 50. Kb2 Re2+ $11) 42... Ke1 $2 (42... Kg3 43. Rxb7 Kxh3 44. Rh7+ Kxg4) 43. Rxb7 Re6 44. Ka2 a4 45. Rb2 Rf2 46. Rb8 Ree2 47. Rxe2+ Kxe2 48. Rd8 $2 (48. Kb1 {Hoping for b7.} Kd3 49. Rd8+ Kc3 50. Rc8+ Kb3 51. Kc1 Rf1+ 52. Kd2) 48... Ke1+ $2 (48... Ke3+ 49. Kb1 Rf6) 49. Kb1 {aiming for b7.} Rf3 50. Kc2 Rb3 51. Rd1+ {Precision: White = 60%, Black = 17%.} 1-0

[Event "22nd Hogeschool Zeeland 2018"]
[Site "Vlissingen"]
[Date "2018.08.08"]
[Round "6"]
[White "Mehar, Chinna Reddy CH"]
[Black "Beerdsen, Thomas"]
[Result "1/2-1/2"]
[WhiteElo "2345"]
[BlackElo "2469"]
[Annotator "ChessBase"]
[PlyCount "36"]
[EventDate "2018.08.04"]
[EventType "swiss"]
[EventCountry "NED"]
[SourceTitle "playchess.com"]
[Source "ChessBase"]
[SourceQuality "1"]
[TimeControl "40/5400+30:1800+30"]

1. d4 {[%emt 0:00:42]} d5 {[%emt 0:08:06]} 2. Nf3 {[%emt 0:00:32]} Nf6 {[%emt 0:00:25]} 3. e3 {[%emt 0:00:43]} c5 {[%emt 0:01:21]} 4. Bd3 {[%emt 0:00:11]} Nc6 {[%emt 0:00:24]} 5. O-O {[%emt 0:01:54]} Bg4 {[%emt 0:02:13]} 6. c3 {[%emt 0:00:43]} e5 {[%emt 0:04:19]} 7. dxe5 {[%emt 0:02:10]} Nxe5 {[%emt 0:00:49]} 8. Bb5+ {[%emt 0:00:08]} Ned7 {[%emt 0:03:04]} 9. h3 {[%emt 0:00:38]} Bxf3 {[%emt 0:02:36]} 10. Qxf3 {[%emt 0:00:07]} a6 {[%emt 0:00:06]} 11. Ba4 {[%emt 0:00:12]} b5 {[%emt 0:01:50]} 12. Bc2 {[%emt 0:02:20]} Bd6 {[%emt 0:05:04]} 13. e4 {[%emt 0:07:23]} dxe4 {[%emt 0:03:13]} 14. Bxe4 {[%emt 0:00:20]} Ne5 {[%emt 0:00:54]} 15. Bc6+ {[%emt 0:00:28]} Kf8 {[%emt 0:01:38]} 16. Bxa8 {[%emt 0:00:19]} Nxf3+ {[%emt 0:00:06]} 17. Bxf3 {[%emt 0:00:08]} Qe7 {[%emt 0:09:07]} 18. a4 {[%emt 0:01:30]} b4 {[%emt 0:01:27]} 1/2-1/2

[Event "22nd Hogeschool Zeeland 2018"]
[Site "Vlissingen"]
[Date "2018.08.08"]
[Round "6"]
[White "Rajesh, VAV"]
[Black "Vrolijk, Liam"]
[Result "1/2-1/2"]
[WhiteElo "2325"]
[BlackElo "2430"]
[Annotator "NA"]
[PlyCount "41"]
[EventDate "2018.08.04"]
[EventType "swiss"]
[EventCountry "NED"]
[SourceTitle "playchess.com"]
[Source "ChessBase"]
[SourceQuality "1"]
[TimeControl "40/5400+30:1800+30"]

1. d4 {[%emt 0:00:00]} Nf6 {[%emt 0:00:00]} 2. c4 {[%emt 0:00:00]} e6 {[%emt 0:00:00]} 3. Nc3 {[%emt 0:00:00]} Bb4 {[%emt 0:00:00]} 4. e3 {[%emt 0:00:01]} b6 {[%emt 0:00:09]} 5. Bd3 {[%emt 0:00:07]} Bb7 {[%emt 0:00:06]} 6. Nf3 {[%emt 0:00:04]} O-O {[%emt 0:00:08]} 7. O-O {[%emt 0:00:19]} c5 {[%emt 0:00:06]} 8. Bd2 {[%emt 0:02:17]} cxd4 {[%emt 0:00:15]} 9. exd4 {[%emt 0:00:34]} d5 {[%emt 0:00:10]} 10. cxd5 {[%emt 0:02:02]} Nxd5 {[%emt 0:00:13]} 11. Qe2 {[%emt 0:01:31]} Nd7 {[%emt 0:02:28]} 12. Rac1 {[%emt 0:00:40]} Nxc3 {[%emt 0:01:37]} 13. bxc3 {[%emt 0:01:09]} Bd6 {[%emt 0:00:20]} 14. Rfd1 {[%emt 0:01:20]} Qc7 {[%emt 0:05:15]} 15. h3 {[%emt 0:00:27]} h6 {[%emt 0:05:47]} 16. c4 {[%emt 0:01:38]} Rac8 {[%emt 0:11:13]} 17. Bc3 {[%emt 0:08:44]} Rfe8 {[%emt 0:04:03]} 18. Re1 {[%emt 0:01:51]} Ba6 {[%emt 0:07:50]} 19. Bb2 {[%emt 0:01:59]} Bb4 {[%emt 0:01:42]} 20. Red1 {[%emt 0:00:16]} Bb7 {[%emt 0:02:22]} 21. Be4 {[%emt 0:19:52]} 1/2-1/2

[Event "22nd Hogeschool Zeeland 2018"]
[Site "Vlissingen"]
[Date "2018.08.08"]
[Round "6"]
[White "Ree, Hans"]
[Black "Gutkind, Kedem"]
[Result "1/2-1/2"]
[WhiteElo "2303"]
[BlackElo "2099"]
[Annotator "TA"]
[PlyCount "78"]
[EventDate "2018.08.04"]
[EventType "swiss"]
[EventCountry "NED"]
[SourceTitle "playchess.com"]
[Source "ChessBase"]
[SourceQuality "1"]

{[%evp 12,78,-26,-38,-22,-29,-26,-29,-26,-21,-26,-29,-22,-30,-16,-19,-14,-22,-16,-42,-37,-40,-10,-4,0,0,0,-8,-12,-74,-60,-79,-77,-81,-75,-80,-12,-72,-73,-68,-79,-106,-100,-104,-109,-109,-109,-106,-106,-106,-100,-109,-102,-136,-116,-114,-113,-132,-118,-142,-149,-138,0,0,0,-125,0,0,0]} 1. b3 e5 2. Bb2 Nc6 3. Nf3 e4 4. Nd4 Nxd4 5. Bxd4 d5 6. d3 {A01: Larsen-Eröffnung} (6. e3 Ne7 7. Bb2 Nc6 8. d3 Qg5 9. Nc3 Bb4 10. a3 Bxc3+ 11. Bxc3 Bg4 12. Qd2 O-O-O 13. d4 {½-½ (24) Jobava,B (2687)-Nepomniachtchi,I (2751) Tbilisi 2017}) 6... Nf6 7. e3 {LiveBook: 5 Partien} Bb4+ 8. Nd2 O-O 9. Be2 c5 10. Bb2 Qa5 $146 ({Vorgänger:} 10... d4 11. O-O exd3 12. Bxd3 Bg4 13. f3 Be6 14. exd4 {0-1 (36) Pavlova,R (1944)-Romanov,E (2624) Khanty-Mansiysk 2011}) 11. a3 Bc3 12. Bxc3 Qxc3 13. O-O Bf5 {[%cal Re4d3]} 14. Rc1 Rfd8 15. Nb1 Qb2 16. d4 Rac8 17. dxc5 d4 18. Qd2 Rxc5 19. Rfd1 {[%cal Re3d4]} Rcd5 $36 {[%mdl 2048] Schwarz kämpft um Vorteil.} 20. exd4 (20. Re1 $11 {hält das Gleichgewicht.}) 20... Rxd4 $17 21. Qa5 Rxd1+ 22. Rxd1 Rxd1+ 23. Bxd1 {[#] Beabsichtigt Dd8+ und Matt.} h6 ({Günstiger ist} 23... g6 $1 $17 24. Nc3 e3 25. fxe3 Qc1) 24. Nc3 (24. Qxf5 $11 {bleibt in der Remisbreite.} Qxb1 25. Qc8+ Kh7 26. Qd8) 24... b6 25. Qe5 Qa1 26. h3 e3 {Droht ...e2 und aus.} 27. Kh2 exf2 28. Qxf5 Qxc3 29. Qxf2 Qa1 30. Bf3 Qxa3 31. Qd4 Qe7 32. c4 Qc7+ 33. g3 a5 34. Bg2 Kh7 35. Qf2 Qc5 36. Qf4 Kg8 37. Qb8+ Kh7 38. Qf4 Kg8 (38... Qe7 $17 39. h4 {[#]} Qe5 $1 {[%mdl 512]}) 39. Qb8+ $11 Kh7 {Precision: Weiß = 65%, Schwarz = 76%.} 1/2-1/2

[Event "22nd Hogeschool Zeeland 2018"]
[Site "Vlissingen"]
[Date "2018.08.08"]
[Round "6"]
[White "Grochal, Joey"]
[Black "Schoppen, Casper"]
[Result "1/2-1/2"]
[WhiteElo "2300"]
[BlackElo "2395"]
[Annotator "TA"]
[PlyCount "151"]
[EventDate "2018.08.04"]
[EventType "swiss"]
[EventCountry "NED"]
[SourceTitle "playchess.com"]
[Source "ChessBase"]
[SourceQuality "1"]

{[%evp 21,151,31,32,0,0,10,8,0,0,-5,32,0,47,47,46,28,225,229,235,203,199,200,179,175,325,339,469,341,330,22,64,0,0,0,0,0,0,0,0,0,0,0,0,0,0,0,0,0,0,0,0,0,8,8,9,8,16,8,43,0,0,0,0,0,0,0,0,0,8,8,8,0,0,0,0,0,0,0,0,0,0,0,8,8,116,152,262,377,1524,1351,1199,1159,12572,12819,12818,6414,1525,0,1551,1502,911,0,1760,1514,1267,8,8,8,8,8,8,8,8,8,8,8,8,8,8,8,8,8,8,8,8,8,8,8,8,8,8,8]} 1. d4 Nf6 2. c4 e6 3. Nf3 b6 4. a3 Bb7 5. Nc3 d5 6. cxd5 exd5 7. Qa4+ c6 8. Bg5 Be7 9. e3 O-O 10. Rd1 Nbd7 11. Bd3 h6 {LiveBook: 6 Games. E12: Queen's Indian: Unusual White 4th moves, 4 a3, 4 Nc3 Bb7 5 a3 and 4 Nc3 Bb7} 12. Bh4 (12. Bf4 {with more complications.} a5 13. Qc2 Nh5 14. Be5 b5 15. O-O) 12... Ne4 13. Bxe7 Qxe7 {[#]} 14. O-O $146 ({Predecessor:} 14. Ne2 Rfd8 15. O-O c5 16. Nf4 a5 17. Bb1 {0-1 (75) Ivanisevic,I (2547)-Cabrilo,G (2501) Belgrade 2002}) 14... f5 15. Rfe1 g5 16. Nd2 Nd6 17. f3 c5 18. e4 b5 $2 (18... fxe4 $11 {and Black is okay.} 19. fxe4 Qg7) 19. Bxb5 $18 ({Resist} 19. Nxb5 $6 fxe4 20. fxe4 Nb6 $16) 19... Nb6 20. Qb3 c4 21. Qb4 fxe4 22. fxe4 Qf6 (22... Qc7 $142 23. exd5 Bxd5 24. Nxd5 Nxd5 25. Bxc4 Nxc4 26. Qxc4 Qxc4 27. Nxc4 Rac8) 23. e5 Qf2+ 24. Kh1 Nf5 {[%cal Bd6f5,Bf5g3,Bg3f1][%mdl 32]} 25. Rf1 $2 (25. e6 $18) 25... Qh4 $1 $11 {( -> ...Ng3+)} 26. Nf3 ({Better is} 26. Ne2 $14) 26... Qh5 27. e6 Ng3+ 28. Kg1 Nxf1 29. Rxf1 {Threatens to win with e7.} g4 30. e7 gxf3 31. exf8=Q+ Rxf8 32. Rxf3 Rxf3 33. gxf3 Qg5+ 34. Kf2 Qh4+ 35. Ke3 Qg5+ 36. Kf2 Qf4 37. Ne2 Qxh2+ 38. Ke3 {Black must now prevent Qe7.} Qc7 39. Qc5 Qd8 40. Nf4 Kf7 41. a4 Qe7+ 42. Kd2 Nc8 43. a5 a6 {And now ...Qxc5 would win.} 44. Ba4 Qxc5 (44... Kf6 {looks sharper.} 45. Nxd5+ Bxd5 46. Qxd5 Qb4+ 47. Kc1 Qxa4 48. Qe5+ Kf7) 45. dxc5 {[%mdl 4096] Endgame KBN-KBN} Ne7 46. Kc3 Kf6 47. Bd7 Ke5 48. Ne2 Nc6 49. f4+ Ke4 50. Bxc6 Bxc6 {KB-KN} 51. f5 {f6 is the strong threat.} Ke5 52. Nd4 Bd7 (52... Be8 $11 {remains equal.}) 53. c6 $16 Bc8 (53... Be8 $16 {was worth a try.}) 54. Kd2 $1 $18 h5 $2 ({Wrong is} 54... Kxd4 $2 55. f6 $18) (54... Kf6 55. Ke3 Kg5) 55. Ke3 h4 56. Kf3 $1 {[%cal Rf3e3]} Kd6 57. f6 Bh3 58. Kf4 Bc8 59. Kf3 Bh3 $1 60. Ke3 Bg4 {[#]} 61. Kf4 (61. Nb5+ $142 $1 {[%mdl 512]} Ke6 (61... axb5 62. f7) 62. Kf4) 61... Bc8 $1 ({Avoid the trap} 61... Bh5 $2 62. Kg5 $18) 62. Nf5+ Ke6 {[#]} 63. Ne7 $2 (63. Kg5 $1 $18) 63... Kxf6 $11 {The position is equal.} 64. Nxc8 {KN-KP} Ke6 65. Kg4 d4 66. Nb6 {White wants to mate with c7.} Kd6 67. c7 Kxc7 68. Nxc4 Kc6 69. Kxh4 {aiming for Kg3. KN-KPP} Kb5 70. Nd2 {Hoping for Kg4.} Kxa5 71. Kg4 Kb4 $1 72. Kf4 a5 $1 73. Ke4 a4 $1 74. Kxd4 {Strongly threatening Nc4.} a3 75. bxa3+ Kxa3 76. Ke4 {Precision: White = 65%, Black = 63%.} 1/2-1/2

[Event "22nd Hogeschool Zeeland 2018"]
[Site "Vlissingen"]
[Date "2018.08.08"]
[Round "6"]
[White "Lammens, Tim"]
[Black "Rosmuller, Anton J"]
[Result "1-0"]
[WhiteElo "2293"]
[BlackElo "2069"]
[Annotator "NA"]
[PlyCount "57"]
[EventDate "2018.08.04"]
[EventType "swiss"]
[EventCountry "NED"]
[SourceTitle "playchess.com"]
[Source "ChessBase"]
[SourceQuality "1"]
[TimeControl "40/5400+30:1800+30"]

1. Nf3 {[%emt 0:00:00]} g6 {[%emt 0:00:08]} 2. e4 {[%emt 0:00:00]} Bg7 {[%emt 0:00:05]} 3. d4 {[%emt 0:00:00]} d6 {[%emt 0:00:06]} 4. Bc4 {[%emt 0:00:10]} Nf6 {[%emt 0:00:08]} 5. Qe2 {[%emt 0:00:07]} O-O {[%emt 0:00:06]} 6. h3 {[%emt 0:00:19]} c6 {[%emt 0:00:23]} 7. Bb3 {[%emt 0:00:19]} Qc7 {[%emt 0:01:38]} 8. e5 {[%emt 0:02:47]} dxe5 {[%emt 0:00:04]} 9. Nxe5 {[%emt 0:04:33]} Nbd7 {[%emt 0:01:54]} 10. Nc3 {[%emt 0:01:01]} Nxe5 {[%emt 0:22:02]} 11. dxe5 {[%emt 0:00:02]} Ne8 {[%emt 0:00:22]} 12. Bf4 {[%emt 0:01:22]} h6 {[%emt 0:05:24]} 13. Qe3 {[%emt 0:04:44]} Qb6 {[%emt 0:03:08]} 14. Qd2 {[%emt 0:00:52]} g5 {[%emt 0:03:28]} 15. Be3 {[%emt 0:00:43]} Qa5 {[%emt 0:01:42]} 16. O-O-O {[%emt 0:04:10]} Bxe5 {[%emt 0:07:55]} 17. h4 {[%emt 0:01:05]} Bf5 {[%emt 0:15:30]} 18. hxg5 {[%emt 0:02:26]} hxg5 {[%emt 0:01:18]} 19. Bxg5 {[%emt 0:00:44]} Ng7 {[%emt 0:05:52]} 20. Bxe7 {[%emt 0:08:13]} Qc7 {[%emt 0:03:29]} 21. Bg5 {[%emt 0:03:41]} Ne6 {[%emt 0:01:28]} 22. Be3 {[%emt 0:00:57]} Rfd8 {[%emt 0:00:43]} 23. Qe2 {[%emt 0:02:42]} Rxd1+ {[%emt 0:00:10]} 24. Qxd1 {[%emt 0:01:14]} Rd8 {[%emt 0:02:00]} 25. Qf3 {[%emt 0:01:30]} Bf4 {[%emt 0:06:52]} 26. Bxe6 {[%emt 0:04:33]} Bxe3+ {[%emt 0:00:04]} 27. Qxe3 {[%emt 0:00:04]} fxe6 {[%emt 0:00:19]} 28. Qg5+ {[%emt 0:00:50]} Kf7 {[%emt 0:00:11]} 29. Qxf5+ {[%emt 0:00:51]} 1-0

[Event "22nd Hogeschool Zeeland 2018"]
[Site "Vlissingen"]
[Date "2018.08.08"]
[Round "6"]
[White "Peek, Marcel"]
[Black "Shyaamnikhil, P."]
[Result "1/2-1/2"]
[WhiteElo "2290"]
[BlackElo "2389"]
[Annotator "TA"]
[PlyCount "89"]
[EventDate "2018.08.04"]
[EventType "swiss"]
[EventCountry "NED"]
[SourceTitle "playchess.com"]
[Source "ChessBase"]
[SourceQuality "1"]

{[%evp 21,89,20,15,15,22,0,22,0,0,-7,-18,-14,-17,-23,-14,-20,-11,-20,-12,-17,-16,-14,0,13,66,75,148,142,134,95,95,99,106,17,22,27,57,59,68,35,30,30,52,45,93,39,48,55,74,0,8,14,11,0,0,0,0,0,0,0,0,0,0,0,0,0,0,0,0,0]} 1. d4 d5 2. c4 e6 3. Nf3 c6 4. Bg5 Nf6 5. Nc3 Nbd7 6. e3 h6 7. Bh4 g5 {D51: Queen's Gambit Declined: 4 Bg5 Nbd7 sidelines} 8. Bg3 Nh5 9. cxd5 Nxg3 10. hxg3 exd5 11. Bd3 Bg7 {LiveBook: 50 Games} 12. Qc2 Qe7 $146 ({Predecessor:} 12... Nf6 13. O-O-O Be6 14. Kb1 {1-0 (28) Gurevich,M (2634)-Rodriguez Vargas,O (2465) Mondariz 2002}) 13. O-O-O Nf6 14. Kb1 Be6 15. Rde1 O-O-O 16. Rc1 Kb8 17. Nd2 {[%cal Bf3d2,Bd2b3,Bb3a5][%mdl 32]} Nd7 18. Na4 Bf8 19. a3 Qf6 20. Nb3 {Black must now prevent Na5.} Rc8 21. Na5 Qd8 22. b4 {[%cal Bb2b4,Bb4c5][%mdl 32]} c5 ({Better is} 22... Ka8 $11) 23. dxc5 $14 Bxc5 (23... Bg7 $142) 24. Nxb7 $1 $16 Kxb7 25. Nxc5+ Nxc5 26. bxc5 Qa5 27. Qc3 (27. Qb2+ $16 Ka8 28. Qc3 (28. c6 $2 Rb8 $19) 28... Qxc3 29. Rxc3) 27... Qxc3 $11 28. Rxc3 h5 29. Kc2 Kc7 30. Rb1 h4 31. gxh4 Rxh4 32. Rb4 Rd8 {[#]} 33. Kd2 (33. c6 $1 $16) 33... d4 $14 34. Rc1 f5 {[#]} 35. Rxd4 (35. c6 $1 $16 {Threatens to win with Rb7+.} dxe3+ 36. Kxe3) 35... Rhxd4 $11 {The position is equal.} 36. exd4 Rxd4 $16 {[%mdl 4096] Endgame KRB-KRB} 37. Rh1 Bc4 38. Kc3 Rxd3+ 39. Kxc4 Rxa3 $11 {KR-KR} 40. Rh7+ Kc6 41. Rh6+ Kc7 42. Rg6 Ra2 43. Rxg5 Rxf2 44. Rg7+ Kc6 45. Rg6+ {Precision: White = 33%, Black = 51%.} 1/2-1/2

[Event "22nd Hogeschool Zeeland 2018"]
[Site "Vlissingen"]
[Date "2018.08.08"]
[Round "6"]
[White "Bluhm, Sonja Maria"]
[Black "Gonzales, Jayson"]
[Result "0-1"]
[WhiteElo "2279"]
[BlackElo "2383"]
[Annotator "NA"]
[PlyCount "62"]
[EventDate "2018.08.04"]
[EventType "swiss"]
[EventCountry "NED"]
[SourceTitle "playchess.com"]
[Source "ChessBase"]
[SourceQuality "1"]
[TimeControl "40/5400+30:1800+30"]

1. e4 {[%emt 0:00:00]} c6 {[%emt 0:00:00]} 2. d4 {[%emt 0:00:00]} d5 {[%emt 0:00:00]} 3. e5 {[%emt 0:00:25]} Bf5 {[%emt 0:00:22]} 4. Nd2 {[%emt 0:01:02]} e6 {[%emt 0:00:50]} 5. Nb3 {[%emt 0:00:37]} Nd7 {[%emt 0:01:50]} 6. Nf3 {[%emt 0:00:39]} h6 {[%emt 0:01:08]} 7. Be2 {[%emt 0:00:22]} Ne7 {[%emt 0:00:28]} 8. O-O {[%emt 0:00:34]} Qc7 {[%emt 0:05:21]} 9. Be3 {[%emt 0:03:04]} Bh7 {[%emt 0:02:53]} 10. c4 {[%emt 0:02:05]} dxc4 {[%emt 0:01:01]} 11. Bxc4 {[%emt 0:00:06]} Nd5 {[%emt 0:00:03]} 12. Rc1 {[%emt 0:01:53]} Qb6 {[%emt 0:01:28]} 13. Bd3 {[%emt 0:02:52]} Bxd3 {[%emt 0:03:26]} 14. Qxd3 {[%emt 0:00:01]} Be7 {[%emt 0:00:27]} 15. Nfd2 {[%emt 0:00:52]} a5 {[%emt 0:04:27]} 16. a4 {[%emt 0:09:51]} O-O {[%emt 0:02:12]} 17. f4 {[%emt 0:01:18]} Bb4 {[%emt 0:14:44]} 18. Ne4 {[%emt 0:14:39]} Qa6 {[%emt 0:01:02]} 19. Qxa6 {[%emt 0:01:43]} Rxa6 {[%emt 0:00:02]} 20. Bd2 {[%emt 0:00:16]} Rb6 {[%emt 0:05:09]} 21. Bxb4 {[%emt 0:07:31]} Rxb4 {[%emt 0:00:50]} 22. Nxa5 {[%emt 0:00:55]} Ra8 {[%emt 0:15:23]} 23. Nc4 {[%emt 0:03:23]} Raxa4 {[%emt 0:00:21]} 24. Ncd6 {[%emt 0:14:04]} Rxb2 {[%emt 0:02:56]} 25. Rb1 {[%emt 0:02:18]} Rxb1 {[%emt 0:04:20]} 26. Rxb1 {[%emt 0:00:01]} b6 {[%emt 0:00:16]} 27. Rc1 {[%emt 0:02:39]} Nxf4 {[%emt 0:04:24]} 28. Rxc6 {[%emt 0:01:06]} Rxd4 {[%emt 0:00:50]} 29. Rc8+ {[%emt 0:01:26]} Kh7 {[%emt 0:00:11]} 30. g3 {[%emt 0:00:37]} Ng6 {[%emt 0:02:38]} 31. Rc7 {[%emt 0:00:43]} Ngxe5 {[%emt 0:00:20]} 0-1